<?xml version="1.0" encoding="UTF-8"?>
<record
    xmlns:xsi="http://www.w3.org/2001/XMLSchema-instance"
    xsi:schemaLocation="http://www.loc.gov/MARC21/slim http://www.loc.gov/standards/marcxml/schema/MARC21slim.xsd"
    xmlns="http://www.loc.gov/MARC21/slim">

  <leader>01685nam a2200313Ia 4500</leader>
  <controlfield tag="008">240513s2024    sp            000 0 spa d</controlfield>
  <datafield tag="020" ind1=" " ind2=" ">
    <subfield code="a">978-84-1352-845-8</subfield>
  </datafield>
  <datafield tag="041" ind1=" " ind2=" ">
    <subfield code="a">spa</subfield>
  </datafield>
  <datafield tag="245" ind1=" " ind2="0">
    <subfield code="a">Mitos y cuentos de la extrema derecha</subfield>
    <subfield code="c">/ Steven Forti, editor</subfield>
  </datafield>
  <datafield tag="260" ind1=" " ind2=" ">
    <subfield code="a">Madrid :</subfield>
    <subfield code="b">Catarata ; Fundaci&#xF3;n 1&#xBA; de Mayo,</subfield>
    <subfield code="c">2024</subfield>
  </datafield>
  <datafield tag="300" ind1=" " ind2=" ">
    <subfield code="a">188 p.  ;</subfield>
    <subfield code="c"> 22 cm</subfield>
  </datafield>
  <datafield tag="490" ind1=" " ind2=" ">
    <subfield code="a">Los libros de la Catarata ;</subfield>
    <subfield code="v">970</subfield>
  </datafield>
  <datafield tag="500" ind1=" " ind2=" ">
    <subfield code="a">Bibliogr. final de cada cap&#xED;tulo</subfield>
  </datafield>
  <datafield tag="500" ind1=" " ind2=" ">
    <subfield code="a">Contiene: Vox. La declinaci&#xF3;n espa&#xF1;ola de la extrema derecha 2.0, Steven Forti.-La amenaza del otro. Extrema derecha espa&#xF1;ola e inmigraci&#xF3;n, Anna I. L&#xF3;pez Ortega.-Terrores demogr&#xE1;ficos: familia "natural" y guerras de g&#xE9;nero en Vox, Nuria Alabao.-Vox: patria y antiglobalismo, Jos&#xE9; Antonio Sanahuja y Camilo L&#xF3;pez Burian.-La historia como campo de batalla cultural, Zira Box y Jes&#xFA;s Casquete.-Vox contra el trabajo: una aproximaci&#xF3;n a la propuesta (anti)laboral de la extrema derecha en Espa&#xF1;a, Adoraci&#xF3;n Guam&#xE1;n y Joaqu&#xED;n P&#xE9;rez Rey.-&#xBF;Hacia un "populismo tradicionalista"? Vox hacia la conquista del mundo rural, Guillermo Fern&#xE1;ndez-V&#xE1;zquez.-La extrema derecha ante la crisis clim&#xE1;tica y ecol&#xF3;gica, Marina Mu&#xF1;oz Spanu y Javier de la Casa S&#xE1;nchez</subfield>
  </datafield>
  <datafield tag="650" ind1=" " ind2="0">
    <subfield code="a">ESPA&#xD1;A</subfield>
    <subfield code="9">9</subfield>
  </datafield>
  <datafield tag="650" ind1=" " ind2="0">
    <subfield code="a">PARTIDO POLITICO</subfield>
    <subfield code="9">803</subfield>
  </datafield>
  <datafield tag="650" ind1=" " ind2="0">
    <subfield code="a">IDEOLOGIA POLITICA</subfield>
    <subfield code="9">1711</subfield>
  </datafield>
  <datafield tag="650" ind1=" " ind2="0">
    <subfield code="a">DERECHOS HUMANOS</subfield>
    <subfield code="9">2569</subfield>
  </datafield>
  <datafield tag="650" ind1=" " ind2="0">
    <subfield code="a">DISCRIMINACION POR RAZONES DE GENERO</subfield>
    <subfield code="9">16915</subfield>
  </datafield>
  <datafield tag="650" ind1=" " ind2="0">
    <subfield code="a">CAMBIO CLIMATICO</subfield>
    <subfield code="9">14743</subfield>
  </datafield>
  <datafield tag="700" ind1="1" ind2=" ">
    <subfield code="a">ESTRADA LOPEZ, Bruno</subfield>
    <subfield code="9">1558</subfield>
  </datafield>
  <datafield tag="710" ind1=" " ind2=" ">
    <subfield code="a">FUNDACION 1&#xBA; DE MAYO</subfield>
    <subfield code="9">18371</subfield>
  </datafield>
  <datafield tag="901" ind1=" " ind2=" ">
    <subfield code="a">1</subfield>
  </datafield>
  <datafield tag="903" ind1=" " ind2=" ">
    <subfield code="a">NO</subfield>
  </datafield>
  <datafield tag="904" ind1=" " ind2=" ">
    <subfield code="a">000</subfield>
  </datafield>
  <datafield tag="910" ind1=" " ind2=" ">
    <subfield code="a">2019</subfield>
  </datafield>
  <datafield tag="942" ind1=" " ind2=" ">
    <subfield code="c">MONOGRAFIA</subfield>
    <subfield code="2">ddc</subfield>
  </datafield>
  <datafield tag="999" ind1=" " ind2=" ">
    <subfield code="c">59486</subfield>
    <subfield code="d">59486</subfield>
  </datafield>
  <datafield tag="952" ind1=" " ind2=" ">
    <subfield code="0">0</subfield>
    <subfield code="1">0</subfield>
    <subfield code="2">ddc</subfield>
    <subfield code="4">0</subfield>
    <subfield code="7">0</subfield>
    <subfield code="a">CENDO</subfield>
    <subfield code="b">CENDO</subfield>
    <subfield code="d">2024-05-13</subfield>
    <subfield code="i">068054</subfield>
    <subfield code="l">0</subfield>
    <subfield code="o">CD-18034</subfield>
    <subfield code="p">2024-0793</subfield>
    <subfield code="r">2024-05-13 00:00:00</subfield>
    <subfield code="w">2024-05-13</subfield>
    <subfield code="y">MONOGRAFIA</subfield>
  </datafield>
</record>
